[Event "Oberliga Bayern 0607"]
[Site "Bayern"]
[Date "2006.10.15"]
[Round "1.4"]
[White "Kaunzinger, Albert"]
[Black "Rother, Christoph"]
[Result "1/2-1/2"]
[WhiteElo "2223"]
[BlackElo "2279"]
[PlyCount "42"]
[EventDate "2006.10.15"]
[EventType "team-tourn"]
[EventRounds "9"]
[EventCountry "GER"]
[SourceTitle "EXT 2008"]
[Source "ChessBase"]
[SourceDate "2007.11.25"]
[SourceVersion "1"]
[SourceVersionDate "2007.11.25"]
[SourceQuality "1"]
[WhiteTeam "Groebenzell"]
[BlackTeam "Regensburg Fortuna"]
[WhiteTeamCountry "GER"]
[BlackTeamCountry "GER"]

1. d4 d6 2. Bf4 Bg4 3. h3 Bh5 4. c3 c6 5. Qb3 Qb6 6. Nd2 Nd7 7. Ngf3 Ngf6 8. e3 Bxf3 9. Nxf3 e6 10. Be2 Be7 11. 0-0 0-0 12. Nd2 d5 13. Bf3 Rfd8 14. Rfe1 Rac8 15. e4 dxe4 16. Nxe4 Nxe4 17. Bxe4 Nf6 18. Bf3 Qxb3 19. axb3 a6 20. b4 Rd7 21. Bg3 Rcd8 1/2-1/2

[Event "Bayern-ch 77th"]
[Site "Bad Woerishofen"]
[Date "2006.09.01"]
[Round "8"]
[White "Rother, Christoph"]
[Black "Bensch, Patrick"]
[Result "1/2-1/2"]
[WhiteElo "2279"]
[BlackElo "2241"]
[PlyCount "97"]
[EventDate "2006.08.26"]
[EventType "swiss"]
[EventRounds "9"]
[EventCountry "GER"]
[SourceTitle "EXT 2007"]
[Source "ChessBase"]
[SourceDate "2006.11.23"]
[SourceVersion "1"]
[SourceVersionDate "2006.11.23"]
[SourceQuality "1"]

1. d4 Nf6 2. c4 g6 3. Nc3 d5 4. Nf3 Bg7 5. Bg5 Ne4 6. cxd5 Nxg5 7. Nxg5 e6 8. Qd2 exd5 9. Qe3+ Kf8 10. Qf4 Bf6 11. h4 h6 12. Nf3 Kg7 13. e3 c6 14. Bd3 Be6 15. 0-0 Nd7 16. Rac1 Qb8 17. Ne2 Re8 18. Rc2 Be7 19. Qxb8 Raxb8 20. Nf4 Bd6 21. Nxe6+ Rxe6 22. Rb1 a5 23. g3 Nf6 24. Bf1 Ne4 25. Ne1 f5 26. Kg2 g5 27. Nf3 Rf8 28. Bd3 Rg6 29. Re2 Kf6 30. hxg5+ hxg5 31. Rh1 Kg7 32. Nd2 Bb4 33. Nf1 Be7 34. f3 Nd6 35. g4 Rh6 36. Rxh6 Kxh6 37. gxf5 Nxf5 38. Bxf5 Rxf5 39. Kg3 Bd6+ 40. Kg4 Kg6 41. Ng3 Rf8 42. Re1 Bxg3 43. Kxg3 Rh8 44. Rc1 Re8 45. Kf2 Rh8 46. Kg3 Re8 47. Rc3 Kf5 48. a3 a4 49. b3 1/2-1/2